00549nam a2200181Ia 450000500170000000800410001702000150005808200130007310000170008624500580010325000080016126000450016930000130021465000200022794200060024795200990025399900150035220250324125506.0240331s9999 xx 000 0 und d a8187477091 bRAMa894 aRamaswamy, S 0aNa. Pitchamoorthiyin kalai :bmarabum manidha neyamum a2nd aNagercoilbKalachuvadu Pathippagamc2001 a128 p ., aCritical study  cL 001040708LaWERCLbWERCLcSSCd2024-03-31l0o 894.811 RAMp1986r2024-03-31w2024-03-31yL c4149d4149